Les 71 Pokemon de la 6ème Génération - Statistiques

Statistiques générales
  • Ce quiz a été pris 241 fois
    237 depuis la dernière actualisation
  • Le résultat moyen est 50 sur 72
Statistiques - réponses
# Reponces % Correct
656 Grenousse
99%
658 Amphinobi
98%
653 Feunnec
98%
650 Marisson
97%
717 Yveltal
95%
716 Xerneas
93%
657 Croaporal
91%
655 Goupelin
91%
661 Passerouge
91%
663 Flambusard
89%
652 Blindepique
88%
654 Roussil
88%
718 Zygarde
88%
651 Boguerisse
87%
662 Braisillon
80%
721 Volcanion
80%
666 Prismillon
79%
719 Diancie
77%
720 Hoopa
76%
669 Flabebe
75%
664 Lepidonille
74%
700 Nymphali
74%
681 Exagide
73%
670 Floette
72%
671 Florges
72%
659 Sapereau
72%
660 Excavarenne
71%
706 Muplodocus
71%
701 Brutalibre
70%
667 Helionceau
70%
679 Monorpale
70%
704 Mucuscule
70%
696 Ptyranidur
70%
698 Amagara
69%
702 Dedenne
69%
715 Bruyverne
68%
668 Nemelios
68%
673 Chevroum
67%
680 Dimocles
67%
697 Rexillius
67%
699 Dragmara
66%
692 Flingouste
66%
665 Peregrain
65%
714 Sonistrelle
65%
693 Gamblast
64%
672 Cabriolaine
63%
695 Iguolta
62%
684 Sucroquin
62%
705 Colimucus
61%
691 Kravarech
61%
707 Trousselin
61%
708 Brocelome
60%
682 Fluvetin
60%
710 Pitrouille
60%
690 Venalgue
60%
685 Cupcanaille
59%
675 Pandarbare
59%
674 Pandespiegle
59%
709 Desseliande
58%
712 Grelacon
58%
711 Banshitrouye
57%
683 Cocotine
57%
694 Galvaran
57%
713 Seracrawl
57%
678 Mistigrix
55%
677 Psystigri
55%
689 Golgopathe
52%
703 Strassie
51%
688 Opermine
50%
686 Sepiatop
49%
687 Sepiatroce
49%
676 Coafarel
18%
Aucun quiz correspondant
Distribution des résultats
% des personnes avec chaque résultat
Percentile par nombre de réponses
Votre historique - résultats
Vous n’avez pas pris ce quiz depuis la dernière actualisation